| 000 | 00572nam a22001817a 4500 | ||
|---|---|---|---|
| 005 | 20250930210340.0 | ||
| 008 | 250930s1966 pe ||||fr|||| 00| 0 spa d | ||
| 040 |
_aCENDOC CAAAP _bspa _cCAAAP |
||
| 041 | _aspa | ||
| 050 |
_aF 3429 _b.M12 |
||
| 100 | 1 |
_95520 _aMc Bride Espejo, Juan _eautor |
|
| 245 |
_aBelaunde y la Amazonia Peruana / _cJuan Mc Bride Espejo |
||
| 250 | _a1ra edición | ||
| 260 |
_aLima, Perú : _bTipografia Peruana ; _c1966 |
||
| 300 |
_a69 páginas ; _c22 x 16 cm |
||
| 650 | 0 |
_95111 _aAmazonía peruana _xHistoria _zPerú |
|
| 942 |
_2lcc _bDD - MM - AA _cBK |
||
| 999 |
_c4036 _d4036 |
||